000 00597nam a2200217Ii 4500
003 JO-AjNU
008 230606s9999||||xx |||||||||||||| ||und||
017 _a2014/2/751
020 _a978-09957-552-19-0
040 _aJO-AjNU
_beng
_erda
_cJO-AjNU
041 _aeng
050 1 4 _aG155 2014
100 3 _aAlkhuli, Muhammad Ali,
_eauthor
_95238
245 0 0 _aTourist Translation
264 3 1 _aAmman: Dar Alfalah, 2014
300 _a160p
336 _atext
_btxt
_2rdacontent
337 _aunmediated
_bn
_2rdamedia
338 _avolume
_bnc
_2rdacarrier
650 4 _aTourism -Translation
_95239
999 _aE2707
_c2705
_d2705